| 000 -ლიდერი |
| ფიქსირებული სიგრძის საკონტროლო ველი |
01631nam a2200277Ia 4500 |
| 001 - საკონტროლო ნომერი |
| საკონტროლო ველი |
19686 |
| 003 - საკონტროლო ნომრის იდენტიფიკატორი |
| საკონტროლო ველი |
GE_BSU |
| 005 - ბოლო ოპერაციის თარიღი და დრო |
| საკონტროლო ველი |
20200325193220.0 |
| 008 - ფიქსირებული სიგრძის მონაცემთა ელემენტები - ზოგადი ინფორმაცია |
| ფიქსირებული სიგრძის საკონტროლო ველი |
181216s1974||||ge |||||||||||||| ||geo|| |
| 040 ## - კატალოგიზაციის წყარო |
| Transcribing agency |
GE_BSU |
| 041 ## - ენის კოდი |
| Language code of text/sound track or separate title |
geo |
| 080 ## - უნივერსალური ათობითი კლასიფიკაციის ინდექსი |
| Universal Decimal Classification number |
811.353.1 ქ-27 |
| 245 ## - ცნობა სათაურის შესახებ |
| Title |
ქართველურ ენათა სტრუქტურის საკითხები = Вопросы структуры картвельских языков : ტ. 4 : |
| Remainder of title |
[კრებული] / |
| Statement of responsibility, etc |
სარედ. კოლ. : ა. კიზირია, ა. მარტისოვი, ვლ. ფანჩვიძე(რედ.). |
| 264 ## - წარმოების, გამოცემის, დისტრიბუციის და სხვა ცნობები |
| გამოცემის, წარმოების, დისტრიბუციის... ადგილი |
თბილისი : |
| გამოცემის, წარმოების, დისტრიბუციის... სახელწოდება |
მეცნიერება, |
| გამოცემის, წარმოების, დისტრიბუციის... თარიღი |
1974. |
| 300 ## - ფიზიკური აღწერა |
| Extent |
239 გვ; 1ფ.პორტ.26სმ. |
| 500 ## - ზოგადი შენიშვნა |
| General note |
ეძღვნება საქ. სსრ მეცნიერებათა აკადემიის აკადემიკოსის ვარლამ თოფურიას ხსოვნას. |
| 520 ## - SUMMARY, ETC. |
| Summary, etc |
ზოგიერთი სტატიის შემდეგ რეიუმე რუსულ ენაზე |
| 653 ## - INDEX TERM--UNCONTROLLED |
| Uncontrolled term |
ქართველური ენები |
| 653 ## - INDEX TERM--UNCONTROLLED |
| Uncontrolled term |
ქართველი ენათმეცნიერები |
| 653 ## - INDEX TERM--UNCONTROLLED |
| Uncontrolled term |
ქართული ენა |
| 700 ## - ADDED ENTRY--PERSONAL NAME |
| Personal name |
ფანჩვიძე, ვლ. |
| Relator term |
რედაქტორი |
| 9 (RLIN) |
7792 |
| 710 ## - ADDED ENTRY--CORPORATE NAME |
| Corporate name or jurisdiction name as entry element |
საქ. სსრ მეცნ. აკადემია |
| 9 (RLIN) |
7793 |
| 710 ## - ADDED ENTRY--CORPORATE NAME |
| Corporate name or jurisdiction name as entry element |
ენათმეცნიერების ინსტიტუტი |
| 9 (RLIN) |
7794 |
| 942 ## - ADDED ENTRY ELEMENTS (KOHA) |
| Koha item type |
წიგნი |
| Source of classification or shelving scheme |
|